[Event "Trapani Province-ch"]
[Site "Erice"]
[Date "2012.01.29"]
[Round "6"]
[White "Cerami, Giuseppe"]
[Black "Calamia, Giampaolo"]
[Result "1/2-1/2"]
[WhiteElo "1690"]
[BlackElo "1688"]
[PlyCount "81"]
[EventDate "2012.01.15"]
[EventType "swiss"]
[EventRounds "6"]
[EventCountry "ITA"]
[SourceTitle "EXT 2024"]
[Source "ChessBase"]
[SourceDate "2023.10.10"]
[SourceVersion "1"]
[SourceVersionDate "2023.10.10"]
[SourceQuality "1"]

1. Nf3 Nf6 2. d4 g6 3. c4 Bg7 4. Nc3 d5 5. e3 0-0 6. Bd3 c6 7. h3 Nbd7 8. 0-0 Qc7 9. cxd5 cxd5 10. Bd2 a6 11. Rc1 Qb8 12. e4 dxe4 13. Nxe4 Nxe4 14. Bxe4 Nf6 15. Bb1 Nd5 16. Re1 e6 17. Qe2 Qd6 18. a3 Bd7 19. Ne5 Rac8 20. Bd3 Rxc1 21. Rxc1 Rc8 22. Rxc8+ Bxc8 23. g3 b5 24. f4 Bb7 25. Be4 Nxf4 26. gxf4 Qxd4+ 27. Qe3 Qxe3+ 28. Bxe3 Bxe4 29. b4 Bxe5 30. fxe5 Kf8 31. Bg5 Ke8 32. Kf2 Kd7 33. Ke3 Bf5 34. h4 Kc6 35. Kd4 Kb6 36. Be7 h6 37. Bc5+ Kc6 38. Be7 g5 39. hxg5 h5 40. g6 fxg6 41. Bg5 1/2-1/2

[Event "Trapani Province-ch"]
[Site "Erice"]
[Date "2012.01.22"]
[Round "4"]
[White "Cerami, Giuseppe"]
[Black "Sardo, Riccardo"]
[Result "0-1"]
[WhiteElo "1690"]
[BlackElo "1692"]
[PlyCount "120"]
[EventDate "2012.01.15"]
[EventType "swiss"]
[EventRounds "6"]
[EventCountry "ITA"]
[SourceTitle "EXT 2024"]
[Source "ChessBase"]
[SourceDate "2023.10.10"]
[SourceVersion "1"]
[SourceVersionDate "2023.10.10"]
[SourceQuality "1"]

1. b4 Nf6 2. Bb2 g6 3. Bxf6 exf6 4. a3 d5 5. e3 Nc6 6. d4 Bd7 7. c4 dxc4 8. Bxc4 a6 9. Nf3 b5 10. Ba2 Qe7 11. 0-0 a5 12. Qb3 axb4 13. axb4 Ra4 14. Nc3 Rxb4 15. Qa3 Qd8 16. Qa6 Nb8 17. Qa5 Bd6 18. Ne4 Be7 19. Rfc1 c6 20. Qxd8+ Kxd8 21. Bxf7 Rf8 22. Ba2 Kc7 23. Nc3 Kb6 24. d5 c5 25. d6 Bxd6 26. Nd5+ Ka5 27. Nxb4 Kxb4 28. Rab1+ Ka5 29. Ra1 Kb6 30. Bd5 Nc6 31. Rcb1 Nb4 32. Rd1 Bc6 33. Bxc6 Kxc6 34. Ra7 h5 35. Nd2 Rd8 36. Raa1 Be5 37. Rab1 Bc3 38. Nf3 Rxd1+ 39. Rxd1 f5 40. Kf1 Nd5 41. Nd2 Bxd2 42. Rxd2 b4 43. Ke2 Nc3+ 44. Kd3 Kb5 45. Rc2 c4+ 46. Kd4 b3 47. Kxc3 bxc2 48. Kxc2 Kb4 49. f3 c3 50. g3 Kc4 51. h4 Kb4 52. e4 fxe4 53. fxe4 Kc4 54. e5 Kd5 55. e6 Kxe6 56. Kxc3 Kf5 57. Kd4 Kg4 58. Ke5 Kxg3 59. Kf6 Kxh4 60. Kxg6 Kg4 0-1

[Event "Trapani Province-ch"]
[Site "Erice"]
[Date "2012.01.22"]
[Round "3"]
[White "Mancuso, Fabrizio"]
[Black "Cerami, Giuseppe"]
[Result "1/2-1/2"]
[WhiteElo "1636"]
[BlackElo "1690"]
[PlyCount "85"]
[EventDate "2012.01.15"]
[EventType "swiss"]
[EventRounds "6"]
[EventCountry "ITA"]
[SourceTitle "EXT 2024"]
[Source "ChessBase"]
[SourceDate "2023.10.10"]
[SourceVersion "1"]
[SourceVersionDate "2023.10.10"]
[SourceQuality "1"]

1. e4 e6 2. d3 d5 3. Nd2 c5 4. Ngf3 Nc6 5. g3 Bd6 6. Bg2 d4 7. 0-0 e5 8. h3 Nge7 9. Nc4 Bc7 10. Bd2 f6 11. h4 Be6 12. Nh2 b5 13. Na3 a6 14. f4 exf4 15. Bxf4 Ne5 16. Bxe5 Bxe5 17. Ng4 Nc6 18. Nb1 Rc8 19. Kh2 Qd6 20. Nxe5 Nxe5 21. Rf4 Ng6 22. Qh5 Bf7 23. Rf2 Ne5 24. Qe2 h5 25. Bh3 Be6 26. Bf5 Kd7 27. Bxe6+ Qxe6 28. Rf4 Rcg8 29. Nd2 g5 30. hxg5 fxg5 31. Rf5 Ng4+ 32. Kg1 Ne3 33. Rf3 h4 34. Nf1 Qh3 35. Qh2 Qxh2+ 36. Kxh2 hxg3+ 37. Kxg3 g4 38. Rf4 Rh3+ 39. Kf2 Ke7 40. Nxe3 dxe3+ 41. Kg2 Rgh8 42. Re1 Rh2+ 43. Kg3 1/2-1/2

[Event "Sicilia Regional-ch"]
[Site "Marsala"]
[Date "2011.06.05"]
[Round "7"]
[White "Alcide, Fabio"]
[Black "Cerami, Giuseppe"]
[Result "0-1"]
[WhiteElo "1637"]
[BlackElo "1658"]
[PlyCount "76"]
[EventDate "2011.06.01"]
[EventType "swiss"]
[EventRounds "7"]
[EventCountry "ITA"]
[SourceTitle "EXT 2023"]
[Source "ChessBase"]
[SourceDate "2022.10.05"]
[SourceVersion "1"]
[SourceVersionDate "2022.10.05"]
[SourceQuality "1"]

1. e4 c5 2. Nf3 Nc6 3. d4 cxd4 4. Nxd4 a6 5. a3 e5 6. Nf5 d6 7. Ne3 Nf6 8. Nc3 Be7 9. Ned5 0-0 10. h3 Be6 11. Nxf6+ Bxf6 12. Be3 b5 13. Nd5 Bxd5 14. Qxd5 Ne7 15. Qd2 d5 16. exd5 Qxd5 17. Rd1 Rfd8 18. Be2 Qxd2+ 19. Bxd2 e4 20. c3 Nc6 21. 0-0 h6 22. Be3 Ne5 23. Rxd8+ Rxd8 24. Bd4 Nc4 25. Bxc4 bxc4 26. Bxf6 gxf6 27. Re1 f5 28. Re2 Rd3 29. Kf1 Kg7 30. Ke1 Kf6 31. Re3 Ke5 32. Rg3 Rxg3 33. fxg3 f4 34. Kf2 fxg3+ 35. Kxg3 f5 36. Kf2 h5 37. g3 f4 38. h4 f3 0-1

[Event "Trapani Province-ch"]
[Site "Erice"]
[Date "2011.02.12"]
[Round "5"]
[White "Cerami, Giuseppe"]
[Black "Campo, Renato"]
[Result "0-1"]
[WhiteElo "1625"]
[BlackElo "2003"]
[PlyCount "94"]
[EventDate "2011.02.12"]
[EventType "swiss"]
[EventRounds "6"]
[EventCountry "ITA"]
[SourceTitle "EXT 2024"]
[Source "ChessBase"]
[SourceDate "2023.10.10"]
[SourceVersion "1"]
[SourceVersionDate "2023.10.10"]
[SourceQuality "1"]

1. b4 c6 2. Bb2 d5 3. e3 Nf6 4. c4 Bg4 5. Qb3 e6 6. Be2 Bxe2 7. Nxe2 Nbd7 8. d3 Bd6 9. c5 Bc7 10. Nd2 0-0 11. h3 b6 12. Nd4 Qe8 13. Nxc6 Nxc5 14. bxc5 Qxc6 15. cxb6 Bxb6 16. Rc1 Qd7 17. Bxf6 gxf6 18. Qd1 Kh8 19. Qf3 Qe7 20. 0-0 Rg8 21. Kh1 Rg6 22. Qe2 Rag8 23. Rg1 e5 24. Nf3 Qe6 25. Nh2 f5 26. f3 f4 27. Nf1 f5 28. Rc2 h5 29. exf4 Bxg1 30. Kxg1 exf4 31. Qf2 Rxg2+ 32. Qxg2 Rxg2+ 33. Kxg2 Kg7 34. Rc7+ Kf6 35. Rxa7 Qe2+ 36. Kg1 Qxf3 37. a4 Qxh3 38. a5 f3 39. Ne3 d4 40. Nd5+ Ke5 41. Rg7 Kxd5 42. a6 Qh4 43. Rg8 Qe1+ 44. Kh2 Qa1 45. Ra8 Qa2+ 46. Kg3 Qg2+ 47. Kf4 Qg4# 0-1

[Event "Trapani Province-ch"]
[Site "Erice"]
[Date "2011.02.12"]
[Round "2"]
[White "Cerami, Giuseppe"]
[Black "Krumbiegel, Michael"]
[Result "0-1"]
[WhiteElo "1625"]
[BlackElo "1458"]
[PlyCount "78"]
[EventDate "2011.02.12"]
[EventType "swiss"]
[EventRounds "6"]
[EventCountry "ITA"]
[SourceTitle "EXT 2024"]
[Source "ChessBase"]
[SourceDate "2023.10.10"]
[SourceVersion "1"]
[SourceVersionDate "2023.10.10"]
[SourceQuality "1"]

1. b4 e5 2. Bb2 f6 3. e3 Bxb4 4. Bc4 d5 5. Bb3 Be6 6. e4 Ne7 7. Nh3 h5 8. f4 Bxh3 9. gxh3 d4 10. f5 Nbc6 11. Rg1 Rh7 12. Be6 Qd6 13. Rxg7 Rxg7 14. Qxh5+ Ng6 15. fxg6 Qxe6 16. c3 Bc5 17. d3 0-0-0 18. c4 Rdg8 19. Qf5 Qd7 20. Nd2 Rxg6 21. 0-0-0 Qxf5 22. exf5 Rg2 23. Ne4 Be7 24. a3 Rxh2 25. Kb1 Rhg2 26. Ka2 Rh2 27. Kb3 Na5+ 28. Ka4 Nxc4 29. Bxd4 exd4 30. dxc4 c5 31. Rd3 Rh8 32. Rg3 R2xh3 33. Rg7 R3h7 34. Rg6 Rf7 35. Kb5 d3 36. a4 Kc7 37. a5 a6+ 38. Ka4 Rd8 39. Kb3 d2 0-1

[Event "Nicolo La Rosa op 18th"]
[Site "Mazara del Vallo"]
[Date "2010.08.19"]
[Round "3"]
[White "Castelli, Giovanni J"]
[Black "Cerami, Giuseppe"]
[Result "1-0"]
[WhiteElo "1792"]
[BlackElo "1631"]
[PlyCount "69"]
[EventDate "2010.08.18"]
[EventType "swiss"]
[EventRounds "9"]
[EventCountry "ITA"]
[SourceTitle "EXT 2024"]
[Source "ChessBase"]
[SourceDate "2023.10.10"]
[SourceVersion "1"]
[SourceVersionDate "2023.10.10"]
[SourceQuality "1"]

1. c4 Nf6 2. d4 e5 3. dxe5 Ng4 4. Bf4 Nc6 5. Nf3 Bb4+ 6. Nbd2 Qe7 7. e3 Ngxe5 8. Be2 d6 9. 0-0 Bg4 10. a3 Bxd2 11. Nxd2 Bxe2 12. Qxe2 g5 13. Bxe5 Nxe5 14. f4 Nc6 15. Rac1 0-0-0 16. fxg5 Qxg5 17. Rxf7 Ne5 18. Rf4 h5 19. Nf3 Nxf3+ 20. Qxf3 Rde8 21. Rf7 Qc5 22. Qf5+ Qxf5 23. Rxf5 Kd7 24. Kf2 Rhf8 25. Rxf8 Rxf8+ 26. Ke2 Ke6 27. Rf1 Rxf1 28. Kxf1 Kf5 29. Kf2 c6 30. Kf3 b5 31. cxb5 c5 32. a4 d5 33. a5 Ke5 34. b6 axb6 35. a6 1-0

[Event "Trapani Province-ch"]
[Site "Erice"]
[Date "2010.01.11"]
[Round "1"]
[White "Cerami, Giuseppe"]
[Black "Romeo, Ettore"]
[Result "1-0"]
[WhiteElo "1589"]
[BlackElo "1335"]
[PlyCount "43"]
[EventDate "2010.01.10"]
[EventType "swiss"]
[EventRounds "6"]
[EventCountry "ITA"]
[SourceTitle "EXT 2024"]
[Source "ChessBase"]
[SourceDate "2023.10.10"]
[SourceVersion "1"]
[SourceVersionDate "2023.10.10"]
[SourceQuality "1"]

1. e4 e5 2. f4 exf4 3. Nf3 Nf6 4. Nc3 Bb4 5. e5 Bxc3 6. bxc3 Qe7 7. Bc4 d5 8. Bb3 Ng4 9. 0-0 Qc5+ 10. d4 Qxc3 11. Bxf4 Ne3 12. Bxe3 Qxe3+ 13. Kh1 f6 14. exf6 gxf6 15. Re1 Qe4 16. Rxe4+ dxe4 17. Nd2 Bf5 18. Qh5+ Bg6 19. Qb5+ c6 20. Qxb7 Kf8 21. Nxe4 Bxe4 22. Qf7# 1-0

[Event "Nicolo La Rosa op 17th"]
[Site "Mazara del Vallo"]
[Date "2009.08.07"]
[Round "1"]
[White "Provino, Salvatore"]
[Black "Cerami, Giuseppe"]
[Result "1-0"]
[WhiteElo "1413"]
[BlackElo "1688"]
[PlyCount "113"]
[EventDate "2009.08.07"]
[EventType "swiss"]
[EventRounds "6"]
[EventCountry "ITA"]
[SourceTitle "EXT 2011"]
[Source "ChessBase"]
[SourceDate "2010.11.26"]
[SourceVersion "1"]
[SourceVersionDate "2010.11.26"]
[SourceQuality "1"]

1. Nf3 Nf6 2. g3 g6 3. Bg2 Bg7 4. 0-0 0-0 5. d3 c6 6. Bd2 d6 7. Re1 Nbd7 8. Qc1 Qb6 9. Nc3 Ng4 10. Rf1 Nge5 11. Nxe5 Bxe5 12. h3 Nf6 13. Be3 Qc7 14. d4 d5 15. dxe5 Qxe5 16. Bf4 Qe6 17. Qe3 Qd7 18. Rad1 Nh5 19. Bh6 Re8 20. Qd4 e5 21. Qd2 Qe7 22. g4 Ng7 23. f4 f6 24. fxe5 fxe5 25. Rf3 Be6 26. Bg5 Qd7 27. Bf6 Rac8 28. Bxe5 Bxg4 29. hxg4 Rxe5 30. Rf2 Qxg4 31. Qf4 Qe6 32. Rdf1 Rf5 33. Qd2 Rff8 34. Nxd5 Rxf2 35. Rxf2 Rf8 36. Rxf8+ Kxf8 37. Qf4+ Nf5 38. e4 cxd5 39. exf5 Qb6+ 40. Kh2 Kg7 41. Qe5+ Qf6 42. Qc7+ Kh6 43. fxg6 Qh4+ 44. Kg1 Qe1+ 45. Bf1 Kxg6 46. Qd6+ Kg7 47. Qc7+ Kf6 48. Qd8+ Kg7 49. Qxd5 Qe3+ 50. Kg2 Qe7 51. Qd4+ Kh6 52. Qf4+ Kg7 53. Bd3 Qd7 54. Qg5+ Kf8 55. Qh6+ Kg8 56. Bc4+ Kh8 57. Qf8# 1-0

[Event "Sicilia Regional-ch"]
[Site "Erice"]
[Date "2009.05.31"]
[Round "3"]
[White "Cerami, Giuseppe"]
[Black "Meo, Antonino"]
[Result "1-0"]
[WhiteElo "1682"]
[BlackElo "1434"]
[PlyCount "59"]
[EventDate "2009.05.30"]
[EventType "swiss"]
[EventRounds "7"]
[EventCountry "ITA"]
[SourceTitle "EXT 2011"]
[Source "ChessBase"]
[SourceDate "2010.11.26"]
[SourceVersion "1"]
[SourceVersionDate "2010.11.26"]
[SourceQuality "1"]

1. b4 e5 2. Bb2 d6 3. e3 Nf6 4. c4 g6 5. Nf3 Bg7 6. Be2 0-0 7. d3 Nbd7 8. Nbd2 c5 9. a3 Re8 10. Ng5 b6 11. h4 b5 12. Nge4 bxc4 13. Nxd6 cxd3 14. Nxe8 dxe2 15. Nxf6+ Bxf6 16. Qxe2 h5 17. g3 e4 18. Nxe4 Bxb2 19. Qxb2 Bb7 20. f3 Rb8 21. Rd1 Qe8 22. Qc2 f5 23. Qc4+ Kh8 24. Qc3+ Qe5 25. Rxd7 Qxc3+ 26. Nxc3 cxb4 27. axb4 Bxf3 28. 0-0 Bg4 29. Rxa7 Rxb4 30. Rb1 1-0

[Event "Nicolo La Rosa op 16th"]
[Site "Mazara del Vallo"]
[Date "2008.08.12"]
[Round "4"]
[White "Savalla, Pietro"]
[Black "Cerami, Giuseppe"]
[Result "0-1"]
[WhiteElo "1440"]
[BlackElo "1742"]
[PlyCount "74"]
[EventDate "2008.08.11"]
[EventType "swiss"]
[EventRounds "6"]
[EventCountry "ITA"]
[SourceTitle "EXT 2011"]
[Source "ChessBase"]
[SourceDate "2010.11.26"]
[SourceVersion "1"]
[SourceVersionDate "2010.11.26"]
[SourceQuality "1"]

1. e4 e6 2. d4 d5 3. Nc3 c5 4. Nf3 cxd4 5. Nxd4 dxe4 6. Nxe4 Nf6 7. Nxf6+ Qxf6 8. Be2 Bc5 9. Nf3 0-0 10. 0-0 Nc6 11. Bb5 Nd4 12. Nxd4 Bxd4 13. c3 Bc5 14. Qd2 a6 15. Ba4 b5 16. Bc2 Qe7 17. Qe2 f5 18. Rd1 e5 19. b4 Ba7 20. Be3 e4 21. Rd2 Be6 22. Bb3 Bxb3 23. axb3 Bxe3 24. Qxe3 Rad8 25. Rad1 Rxd2 26. Qxd2 Rc8 27. Qd5+ Qf7 28. Qd8+ Rxd8 29. Rxd8+ Qf8 30. Rxf8+ Kxf8 31. Kf1 Ke7 32. Ke2 Kd6 33. Ke3 Kd5 34. Kf4 g6 35. f3 g5+ 36. Kxf5 e3 37. Kxg5 e2 0-1

[Event "Nicolo La Rosa op 15th"]
[Site "Mazara del Vallo"]
[Date "2007.08.11"]
[Round "4"]
[White "Cerami, Giuseppe"]
[Black "Alcide, Fabio"]
[Result "1/2-1/2"]
[WhiteElo "1781"]
[BlackElo "1595"]
[PlyCount "55"]
[EventDate "2007.08.10"]
[EventType "swiss"]
[EventRounds "6"]
[EventCountry "ITA"]
[SourceTitle "EXT 2011"]
[Source "ChessBase"]
[SourceDate "2010.11.26"]
[SourceVersion "1"]
[SourceVersionDate "2010.11.26"]
[SourceQuality "1"]

1. e4 e5 2. f4 exf4 3. Nf3 d6 4. Bc4 h6 5. 0-0 Be7 6. d4 Nd7 7. Bxf4 Nb6 8. Bb3 Nf6 9. Nbd2 c6 10. c3 Be6 11. e5 Nfd5 12. Bxd5 Nxd5 13. exd6 Bxd6 14. Bxd6 Qxd6 15. Re1 0-0 16. Ne5 c5 17. Ne4 Qb6 18. Nc4 Qc6 19. Nxc5 Nxc3 20. bxc3 Bxc4 21. Qg4 Rfe8 22. Rxe8+ Rxe8 23. Qd7 Qxd7 24. Nxd7 Re2 25. a3 Rc2 26. Re1 Rxc3 27. Re8+ Kh7 28. Nf8+ 1/2-1/2

[Event "Nicolo La Rosa op 14th"]
[Site "Mazara del Vallo"]
[Date "2006.08.12"]
[Round "4"]
[White "Riceputi, Vincenzo"]
[Black "Cerami, Giuseppe"]
[Result "1-0"]
[WhiteElo "1873"]
[BlackElo "1796"]
[PlyCount "80"]
[EventDate "2006.08.11"]
[EventType "swiss"]
[EventRounds "6"]
[EventCountry "ITA"]
[SourceTitle "EXT 2011"]
[Source "ChessBase"]
[SourceDate "2010.11.26"]
[SourceVersion "1"]
[SourceVersionDate "2010.11.26"]
[SourceQuality "1"]

1. e4 e6 2. d4 d5 3. Nd2 Nf6 4. Bd3 c5 5. exd5 exd5 6. Qe2+ Qe7 7. dxc5 Qxe2+ 8. Nxe2 Bxc5 9. Nb3 Bb6 10. Nbd4 Nc6 11. Nf5 Bxf5 12. Bxf5 Ne4 13. 0-0 g6 14. Bxe4 dxe4 15. Nc3 f5 16. Nd5 Bd8 17. Bf4 Rc8 18. Rad1 Kf7 19. Rd2 g5 20. Bd6 Ne7 21. Be5 Rg8 22. Nf6 Rg6 23. Nd7 Re6 24. Bc3 Bc7 25. Nc5 Bxh2+ 26. Kxh2 Rxc5 27. Rd7 Rcc6 28. Rxb7 Ra6 29. a3 Kg6 30. Rd1 Nc6 31. Rdd7 h6 32. g4 fxg4 33. Rg7+ Kh5 34. Rbd7 e3 35. fxe3 g3+ 36. Kxg3 Rxe3+ 37. Kf2 Re6 38. Rh7 Ne5 39. Rxa7 Rxa7 40. Rxa7 Ng4+ 1-0

[Event "Nicolo La Rosa op 14th"]
[Site "Mazara del Vallo"]
[Date "2006.08.11"]
[Round "1"]
[White "Cerami, Giuseppe"]
[Black "Bonanno, Giuseppe"]
[Result "1/2-1/2"]
[WhiteElo "1796"]
[BlackElo "1530"]
[PlyCount "76"]
[EventDate "2006.08.11"]
[EventType "swiss"]
[EventRounds "6"]
[EventCountry "ITA"]
[SourceTitle "EXT 2011"]
[Source "ChessBase"]
[SourceDate "2010.11.26"]
[SourceVersion "1"]
[SourceVersionDate "2010.11.26"]
[SourceQuality "1"]

1. b4 c6 2. Bb2 d5 3. e3 Nd7 4. c4 e5 5. a3 Ngf6 6. Nf3 Bd6 7. d3 0-0 8. Nbd2 b6 9. Be2 Qe7 10. cxd5 cxd5 11. Rc1 Bb7 12. 0-0 Rfc8 13. Nh4 g6 14. Rxc8+ Rxc8 15. Bf3 e4 16. dxe4 Nxe4 17. Nxe4 dxe4 18. Bg4 Rd8 19. g3 Ne5 20. Bd4 Nxg4 21. Qxg4 Bc8 22. Qe2 Be6 23. Qb2 Rc8 24. Rd1 Rc4 25. Bh8 Kf8 26. Bf6 Qc7 27. Bh8 Ke8 28. Ng2 Rc2 29. Qa1 Re2 30. Qb1 Qc6 31. Nf4 Bxf4 32. gxf4 Qc2 33. Qxc2 Rxc2 34. Be5 Bg4 35. Rd4 Bf3 36. h4 Rc1+ 37. Kh2 Rh1+ 38. Kg3 Rg1+ 1/2-1/2